50 Most Used Words in English - Statistics

General Stats
  • This quiz has been taken 81 times
  • The average score is 31 of 50
Answer Stats
Hint Answer % Correct
6 A
97%
10 I
93%
1 The
93%
16 He
88%
32 An
87%
18 You
85%
30 She
83%
19 Do
82%
3 To
80%
2 Be
77%
29 Her
77%
49 Go
75%
14 On
75%
27 We
75%
5 And
73%
11 It
73%
50 Me
73%
12 For
70%
7 In
70%
41 So
70%
46 Who
70%
13 Not
68%
4 Of
68%
8 That
67%
26 They
67%
34 My
65%
40 What
63%
38 There
62%
35 One
60%
21 This
60%
24 By
58%
9 Have
55%
25 From
53%
23 His
53%
17 As
48%
20 At
48%
31 Or
45%
42 Up
45%
33 Will
43%
43 Out
42%
39 Their
42%
47 Get
40%
15 With
40%
36 All
38%
22 But
38%
44 If
38%
28 Say
35%
37 Would
33%
45 About
22%
48 Which
18%
No matching quizzes found
Score Distribution
Percent of People with Each Score
Percentile by Number Answered
Your Score History
You have not taken this quiz